| 000 -LEADER |
| fixed length control field |
00578nam a22001577a 4500 |
| 003 - CONTROL NUMBER IDENTIFIER |
| control field |
LRUA |
| 005 - DATE AND TIME OF LATEST TRANSACTION |
| control field |
20240327161037.0 |
| 008 - FIXED-LENGTH DATA ELEMENTS--GENERAL INFORMATION |
| fixed length control field |
240327b xxu||||| |||| 00| 0 eng d |
| 040 ## - CATALOGING SOURCE |
| Transcribing agency |
RUA |
| 082 ## - DEWEY DECIMAL CLASSIFICATION NUMBER |
| Edition number |
AGR HON 2020 B1-586 Or. |
| 100 ## - MAIN ENTRY--PERSONAL NAME |
| 9 (RLIN) |
16367 |
| Personal name |
HONG MEYMEY ហុង ម៉ីម៉ី |
| 245 ## - TITLE STATEMENT |
| Title |
EFFECT OF GROWING SEASONS ON TOMATO GENOTYPES ឥទ្ធិពលនៃរដូវកាលដាំដុះលើហ្សេណូទីបប៉េងបោះផ្សេងៗ |
| 260 ## - PUBLICATION, DISTRIBUTION, ETC. (IMPRINT) |
| Place of publication, distribution, etc. |
PHNOM PENH |
| Name of publisher, distributor, etc. |
RUA |
| Date of publication, distribution, etc. |
2020 |
| 300 ## - PHYSICAL DESCRIPTION |
| Extent |
IX. 25P |
| Other physical details |
VII. |
| Dimensions |
29CM |
| 942 ## - ADDED ENTRY ELEMENTS (KOHA) |
| Source of classification or shelving scheme |
|
| Koha item type |
AGR |